000 00534nam a22001697a 4500
005 20240123073439.0
008 240123b |||||||| |||| 00| 0 eng d
020 _a040900426 X
041 _aEnglish
082 _a349 JOU
100 _lEnglish
245 _aThe Law of South Africa : Cumulative Supplement 1991 /
_cedited by JA Faris
260 _aDurban :
_bButterworth Publishers (Pty) Ltd,
_c1991
300 _bxxxi, 1258 pages ;
_c26 cm.
650 _aLegal practice
_bLaw
942 _cBK
_6ALISON_BN_VRIES
999 _c1284
_d1284